| 000 | 01430cam a22003614a 4500 | ||
|---|---|---|---|
| 001 | 14871574 | ||
| 003 | ARRUPE | ||
| 005 | 20131202145315.0 | ||
| 008 | 070531s2008 inu b s001 0 eng | ||
| 010 | _a 2007022612 | ||
| 020 | _a9780253349552 (cloth : alk. paper) | ||
| 020 | _a0253349559 (cloth : alk. paper) | ||
| 020 | _a9780253219398 (pbk. : alk. paper) | ||
| 020 | _a0253219396 (pbk. : alk. paper) | ||
| 035 | _a(OCoLC)ocn137325248 | ||
| 035 | _a(OCoLC)137325248 | ||
| 040 |
_aDLC _cDLC _dDLC |
||
| 050 | 0 | 0 |
_aB3279.H49 _bC755 2008 |
| 082 | 0 | 0 |
_a210.92 _222 |
| 100 | 1 |
_aCrowe, Benjamin D., _d1976- _94567 |
|
| 245 | 1 | 0 |
_aHeidegger's phenomenology of religion : _brealism and cultural criticism / _cBenjamin D. Crowe. |
| 260 |
_aBloomington : _bIndiana University Press, _cc2008. |
||
| 300 |
_axv, 151 p. ; _c25 cm. |
||
| 440 | 0 |
_aIndiana series in the philosophy of religion _94568 |
|
| 504 | _aIncludes bibliographical references (p. [143]-148) and index. | ||
| 600 | 1 | 0 |
_aHeidegger, Martin, _d1889-1976. _94569 |
| 650 | 0 |
_aReligion _xPhilosophy. _94570 |
|
| 650 | 0 |
_aPhenomenology. _94571 |
|
| 856 | 4 | 1 |
_3Table of contents only _uhttp://www.loc.gov/catdir/toc/ecip0719/2007022612.html |
| 906 |
_a7 _bcbc _corignew _d1 _eecip _f20 _gy-gencatlg |
||
| 942 |
_2lcc _cMONOGRAPH |
||
| 999 |
_c118893 _d118893 |
||